000 00998nas a2200313 4500
001 BR9804213
003 BR-BrBNA
005 20231205101048.0
007 ta
008 230509b bl.|||p| |||| 00| 00por d
040 _aBR-BrBNA
_bpor
_cBiblioteca Nacional de Agricultura
041 _a(Pt)
072 _aL73
100 1 _aPiccinini, R.S.
100 1 _aPeracchi, A.L.
100 1 _aSouza, J.C.P. de
100 1 _aTannure, A.M.
100 1 _aRaimundo, S.L.D.
100 1 _aAlbuquerque, S.T. de
100 1 _aFurtado, L.L.
245 1 _aMetodos de tratamento topico de bovinos com warfarina tecnica em pasta a 2 por cento para controle de morcegos hematofagos Desmodus rotundus
650 _aBovino
650 _aMorcego Hematofago
650 _aTratamento
650 _aVacina
773 0 _tRevista Brasileira de Medicina Veterinaria (Brazil)
_xISSN 0100-2430
_g(Mar-Abr 1998), v. 20(2) p. 69-73
_wBR9804213
909 _a202311
_bLúcia
_c55
_dLúcia Elande
942 _2AGRIS
_n0
_cANA
999 _c159497
_d159497